[Event "FIDE World Cup 2017"]
[Site "Tbilisi"]
[Date "2017.09.04"]
[Round "1.2"]
[White "Lenderman, Aleksandr"]
[Black "Eljanov, Pavel"]
[Result "1-0"]
[WhiteElo "2565"]
[BlackElo "2734"]
[Annotator "TA"]
[PlyCount "73"]
[EventDate "2017.??.??"]
[EventType "k.o."]
[EventCountry "GEO"]
[SourceTitle "playchess.com"]
[Source "ChessBase"]
[SourceQuality "1"]

{[%evp 15,73,6,28,0,10,-8,-7,-25,1,0,7,0,16,20,16,2,23,31,58,53,44,53,39,41,54,49,31,0,0,5,17,0,41,31,42,33,96,94,116,108,120,123,172,186,297,293,414,397,439,429,386,291,554,527,519,435,536,508,814,798]} 1. d4 f5 2. c4 Nf6 3. Nc3 e6 4. Nf3 Bb4 5. Bd2 O-O 6. g3 b6 7. Bg2 Bb7 8. O-O a5 {LiveBook: 17 Games} 9. b3 {A84: Dutch Defence: 2 c4 Miscellaneous} (9. Rc1 Na6 10. a3 Bxc3 11. Bxc3 Qe7 12. Re1 Rae8 13. Qb3 Ra8 14. Ne5 Bxg2 15. Kxg2 Nb8 16. Nd3 d6 {1-0 (68) Rasmussen,A (2499)-Hansen,S (2569) Skorping 2014}) 9... Qe7 10. Nb5 $146 ({Find the theoretical novelty and annotate with similar games:} 10. Qc1 Ba3 11. Qc2 Ne4 12. Nb5 Nxd2 13. Nxd2 Bxg2 14. Kxg2 Na6 15. f4 Bb4 16. Nf3 c6 {1-0 (35) Giffard,N (2351)-Tozer,P (2106) Hastings 2009}) 10... c6 11. Nc3 {The position is equal.} d6 12. a3 Bxc3 $1 13. Bxc3 Ne4 14. Bb2 c5 15. Nd2 Nd7 16. Nxe4 fxe4 17. Qd2 d5 18. cxd5 exd5 19. a4 Qe6 20. Rfd1 Rf7 21. Qe3 Rc8 22. Rac1 h6 23. f3 Re8 {White should prevent ...exf3.} 24. fxe4 dxe4 25. Ba3 {[%cal Rd4c5,Bb2a3,Ba3c5,Bc5d4][%mdl 32]} Nf6 (25... cxd4 $1 $14 26. Rxd4 Bd5) 26. dxc5 $16 Ng4 {[#]} 27. Qc3 $1 {Strongly threatening c6.} bxc5 28. Bxc5 Rc8 29. Qxa5 Kh7 (29... Qxb3 {is a better defense.} 30. Bh3 Qe6) 30. Qb6 $18 Qe5 (30... Rc6 $142 31. Qb4 Rcc7) 31. Bd4 Qh5 {[%csl Gg4][%cal Rh5h2] [#]} 32. h3 Nf6 33. Bxf6 gxf6 $2 (33... Qxe2 34. Re1 Rxc1 35. Rxc1 Rxf6 36. Qxb7 Qe3+ 37. Kh2 Qxc1 38. Bxe4+ Rg6 39. Bxg6+ Kxg6 40. Qa6+ Kf5 41. Qd3+ Ke6) 34. Rxc8 {White is clearly winning.} Bxc8 35. Bxe4+ f5 36. Bg2 Qxe2 (36... Rg7 $142 37. Qe3 Qg6) 37. Rd6 {Precision: White = 65%, Black = 44%.} 1-0

[Event "FIDE World Cup 2017"]
[Site "Tbilisi"]
[Date "2017.09.04"]
[Round "1.2"]
[White "Krysa, Leandro"]
[Black "Li, Chao b"]
[Result "0-1"]
[WhiteElo "2540"]
[BlackElo "2745"]
[Annotator "TA"]
[PlyCount "132"]
[EventDate "2017.??.??"]
[EventType "k.o."]
[EventCountry "GEO"]
[SourceTitle "playchess.com"]
[Source "ChessBase"]
[SourceQuality "1"]

{[%evp 27,132,19,16,0,0,0,7,0,0,0,0,0,0,0,0,0,0,0,0,0,0,0,0,0,0,0,0,0,0,0,0,0,0,0,0,0,0,0,0,0,0,0,0,0,0,0,0,0,0,0,0,0,0,-30,-37,-38,-38,-38,-60,-55,0,-78,-78,-148,-78,-78,-78,-78,-78,-79,-79,-79,-78,-78,-78,-78,0,0,0,-31,-31,-31,0,-12835,-12834,-12836,-12836,-12841,-12842,-12848,-12843,-12843,-12843,-12845,-12845,-12845,-12843,-366,-12843,-12844,-12844,-12845,-12845,-12845,-12846,-12848,-12846]} 1. d4 d5 2. c4 e6 3. Nc3 Nf6 4. cxd5 Nxd5 5. e4 Nxc3 6. bxc3 c5 7. Nf3 cxd4 8. cxd4 Bb4+ 9. Bd2 Bxd2+ 10. Qxd2 O-O 11. Rc1 Nd7 {D41: Queen's Gambit Declined: Semi-Tarrasch with 5 cxd5} 12. Bd3 b6 13. O-O Bb7 14. Qe3 Rc8 {LiveBook: 10 Games} (14... Nf6 15. Ne5 Qe7 16. f3 Rfd8 17. Bb5 Rac8 18. a4 h6 19. h3 {½-½ (47) Aronian,L (2793)-Kramnik,V (2808) Stavanger 2017}) 15. Rxc8 Qxc8 16. Rc1 Qb8 17. e5 Rc8 $146 ({Predecessor:} 17... h6 18. Nd2 Bd5 19. Nc4 {½-½ (35) Rahul,S (2321)-Brazdzionis,A (2314) Panevezys 2017}) 18. Ng5 Nf8 19. Ne4 Rxc1+ 20. Qxc1 Bxe4 21. Bxe4 Qd8 22. Qc4 Ng6 23. g3 Ne7 24. Kg2 g6 25. h4 h5 26. Kh2 Kg7 27. Kg2 Qd7 28. Kf1 a5 29. a4 Nd5 30. Bxd5 exd5 $11 {[%mdl 4096] Endgame KQ-KQ} 31. Qb3 Qc6 32. Ke2 Kf8 33. Kd2 Ke8 34. Kd1 Qe6 35. Kd2 Qf5 36. Qxb6 Qxf2+ 37. Kd1 Kf8 38. Qxa5 Qxd4+ 39. Kc2 Kg7 40. Qb5 (40. e6 $5 {[%cal Ra5c3]} Qe4+ 41. Kc1 $17) 40... Qe4+ ({Resist} 40... Qxe5 41. Qb2 $17) 41. Kd2 d4 {[%cal Bd5d4,Bd4d3][%mdl 32] Threatens to win with ...Qe3+.} 42. Qe2 Qc6 43. e6 Qc3+ 44. Kd1 {[#]} d3 $1 {[%cal Rd3e2]} 45. Qf2 (45. Qe3 $142) 45... Qa1+ (45... fxe6 $142 {White must now prevent ...Qa1+.} 46. Qa7+ Kf6 47. Qf2+ Ke7) 46. Kd2 $17 Qb2+ (46... fxe6 47. Qa7+ Kf6 48. Qa5 $11) 47. Ke3 Qb6+ 48. Kf3 Qc6+ 49. Ke3 Qc5+ ({Of course not} 49... fxe6 50. Qb2+ Kh7 51. Qb4 $11) 50. Kf3 Qd5+ 51. Ke3 {Strongly threatening Qxf7+.} fxe6 (51... Qxe6+ $17 52. Kxd3 Qb3+ 53. Kd2 Qxa4) 52. Qd2 $11 Qd6 53. a5 Qxg3+ 54. Ke4 e5 ({Much less strong is} 54... Qxh4+ 55. Kxd3 e5 56. Qc3 $17) 55. a6 $2 {[%mdl 8192]} (55. Qc3 $11) 55... Qxh4+ $19 56. Kxd3 {[#]} Qa4 $1 {[%cal Ra4a6]} 57. Qc3 Qxa6+ 58. Ke4 Qf6 59. Qc7+ Kh6 60. Ke3 h4 {[%cal Bh5h4,Bh4h3][%mdl 32]} 61. Qc8 Qf5 62. Qh8+ Kg5 63. Qd8+ {Black is clearly winning.} Qf6 64. Qa8 h3 65. Qh1 Qf4+ 66. Ke2 Qg4+ {Precision: White = 58%, Black = 79%.} 0-1

[Event "FIDE World Cup 2017"]
[Site "Tbilisi"]
[Date "2017.09.04"]
[Round "1.2"]
[White "El Debs, Felipe de Cresce"]
[Black "Wojtaszek, Radoslaw"]
[Result "1/2-1/2"]
[WhiteElo "2533"]
[BlackElo "2739"]
[Annotator "TA"]
[PlyCount "47"]
[EventDate "2017.??.??"]
[EventType "k.o."]
[EventCountry "GEO"]
[SourceTitle "playchess.com"]
[Source "ChessBase"]
[SourceQuality "1"]

{[%evp 9,47,0,0,0,15,-8,0,-7,-5,-13,0,-8,16,16,2,-3,0,0,8,7,6,0,0,9,5,2,3,0,0,0,0,0,0,0,0,8,4,0,0,0]} 1. d4 Nf6 2. c4 e6 3. Nc3 Bb4 4. g3 O-O 5. Bg2 d5 {The position is equal.} 6. a3 {E20: Nimzo-Indian: 4 g3 and 4 f3} Be7 7. Qd3 c5 8. dxc5 {[%cal Rc4d5]} Nbd7 9. cxd5 Nxc5 10. Qd1 Nxd5 $146 (10... exd5 $5 {[%cal Rd5d4]} 11. Nf3 Nce4 $11) ({Predecessor:} 10... exd5 11. Nf3 Nce4 12. O-O Nxc3 13. bxc3 Bf5 {½-½ (35) Topalov,V (2780)-Gelfand,B (2737) Nice 2008}) 11. Nxd5 exd5 12. Nf3 Bf6 13. Be3 Ne6 14. Nd4 Re8 15. O-O Nxd4 16. Bxd4 Bxd4 17. Qxd4 Rxe2 18. Rac1 Re7 19. Qxd5 Qxd5 20. Bxd5 Bh3 21. Rfe1 Rae8 22. Rxe7 Rxe7 23. Bg2 Bf5 24. Bf3 {Precision: White = 75%, Black = 91%.} 1/2-1/2

[Event "FIDE World Cup 2017"]
[Site "Tbilisi"]
[Date "2017.09.04"]
[Round "1.2"]
[White "Dzagnidze, Nana"]
[Black "Giri, Anish"]
[Result "1/2-1/2"]
[WhiteElo "2519"]
[BlackElo "2777"]
[Annotator "TA"]
[PlyCount "44"]
[EventDate "2017.??.??"]
[EventType "k.o."]
[EventCountry "GEO"]
[SourceTitle "playchess.com"]
[Source "ChessBase"]
[SourceQuality "1"]

{[%evp 11,44,-29,-16,-26,-25,-25,0,-24,-21,-22,-33,-42,-5,-49,-49,-57,20,14,19,8,15,16,18,21,18,19,24,0,0,0,0,0,0,0,0]} 1. Nf3 d5 2. c4 e6 3. g3 Nf6 4. Bg2 dxc4 5. O-O a6 6. a4 Nc6 {LiveBook: 58 Games} 7. b3 {A13: English Opening: 1...e6} (7. Na3 Bxa3 8. bxa3 e5 9. Bb2 Qd6 10. Qc2 Be6 11. Ng5 Bd5 12. e4 Be6 13. Rac1 Rd8 14. Nxe6 Qxe6 {0-1 (39) Ponkratov,P (2607)-Matlakov,M (2694) Tallinn 2016}) 7... cxb3 8. Qxb3 e5 $146 ({Find the theoretical novelty and annotate with similar games:} 8... Rb8 9. Bb2 b5 10. axb5 Rxb5 11. Qc2 Nb4 12. Qc4 Be7 13. Bxf6 Bxf6 14. Nc3 Rb6 {½-½ (27) Kriebel,T (2456)-Nguyen,T (2442) Novy Bor 2016}) 9. Ng5 {[%csl Gg5][%cal Rb3f7] [#]} Qd7 10. Nc3 Nd4 11. Qc4 Bd6 12. Nd5 Nxd5 13. Bxd5 Ne6 (13... O-O $1 $15 14. e3 Nf5) 14. Nxe6 fxe6 15. Be4 O-O 16. Qc2 h6 17. d3 Rb8 18. Be3 a5 19. Ba7 Ra8 {The position is equal.} 20. Bc5 Rb8 21. Ba7 Ra8 22. Bc5 Rb8 {Precision: White = 55%, Black = 65%.} 1/2-1/2

[Event "FIDE World Cup 2017"]
[Site "Tbilisi"]
[Date "2017.09.04"]
[Round "1.2"]
[White "Haddouche, Mohamed"]
[Black "Ding, Liren"]
[Result "1/2-1/2"]
[WhiteElo "2487"]
[BlackElo "2771"]
[Annotator "TA"]
[PlyCount "57"]
[EventDate "2017.??.??"]
[EventType "k.o."]
[EventCountry "GEO"]
[SourceTitle "playchess.com"]
[Source "ChessBase"]
[SourceQuality "1"]

{[%evp 12,57,24,26,16,25,13,11,10,0,0,0,0,16,22,7,9,16,28,29,29,29,29,22,22,29,24,23,22,22,22,14,21,22,22,0,0,0,66,0,76,0,0,0,0,0,0,0]} 1. e4 e5 2. Nf3 Nc6 3. Bb5 {[%cal Bf1b5,Bb5a4,Ba4b3,Bb3d5][%mdl 32]} a6 4. Ba4 Nf6 5. d3 b5 6. Bb3 Bc5 7. Nc3 O-O {C77: Ruy Lopez: 3...a6 4 Ba4 Nf6, unusual lines} 8. Nd5 Nxd5 9. Bxd5 Rb8 10. Be3 $146 (10. a4 {is more complex.} Ne7 11. Bb3 d6 12. O-O Bb6 13. Be3) ({Predecessor:} 10. O-O Ne7 11. Nxe5 Nxd5 12. exd5 Re8 13. d4 Bf8 14. b3 Bb7 15. c4 {1-0 (59) Carlsen,M (2848)-Aronian,L (2815) London 2012}) 10... Bxe3 11. fxe3 Ne7 12. Bb3 d6 13. O-O {[#] Strongly threatening Ng5.} Nc6 14. Qe1 a5 15. a4 b4 16. Qg3 {Hoping for Ng5.} Be6 17. Bxe6 fxe6 18. Ng5 {[#] aiming for Rxf8+.} Qe7 19. Qg4 Rxf1+ $1 20. Rxf1 {Threatening Rf7.} Nd8 21. b3 h6 22. Nf3 Nf7 23. Nh4 Re8 24. Qh5 c5 ({Black should play} 24... Ng5 $11) 25. Rf2 (25. Nf3 $14) 25... Nh8 (25... Ng5 $11 {keeps the balance.}) 26. Ng6 ({White should try} 26. Nf3 $16) 26... Nxg6 $11 {The position is equal.} 27. Qxg6 Rf8 28. Rxf8+ Kxf8 29. g3 {Precision: White = 63%, Black = 83%.} 1/2-1/2

[Event "FIDE World Cup 2017"]
[Site "Tbilisi"]
[Date "2017.09.04"]
[Round "1.2"]
[White "El Gindy, Essam"]
[Black "Grischuk, Alexander"]
[Result "0-1"]
[WhiteElo "2455"]
[BlackElo "2788"]
[Annotator "TA"]
[PlyCount "113"]
[EventDate "2017.??.??"]
[EventType "k.o."]
[EventCountry "GEO"]
[SourceTitle "playchess.com"]
[Source "ChessBase"]
[SourceQuality "1"]

{[%evp 18,113,0,0,6,0,2,0,0,-1,0,0,0,0,0,0,0,-8,-13,-10,-14,-43,-27,-26,-34,-51,-46,-38,-62,-40,-56,-80,-11,-14,0,0,0,0,0,0,0,-199,-200,-218,-206,-232,-230,-227,-170,-283,-231,-216,-204,-321,-316,-323,-320,-333,-333,-365,-358,-393,-377,-420,-420,-420,-420,-420,-408,-458,-458,-437,-420,-496,-481,-539,-445,-510,-420,-426,-428,-1436,-1346,-1437,-1252,-660,-463,-1729,-1636,-1682,-1656,-1601,-1575,-1527,-1414,-1382,-1184,-1095]} 1. d4 Nf6 2. c4 g6 3. Nc3 d5 4. Nf3 Bg7 5. h4 c6 6. cxd5 {D90: Grünfeld: 4 Nf3 Bg7 sidelines} (6. Bg5 dxc4 7. e4 Be6 8. e5 Nd5 9. h5 Nd7 10. h6 Bf8 11. Ne4 f6 12. Bd2 b5 {0-1 (37) Kasparov,G (2812)-Nepomniachtchi,I (2751) Saint Louis 2017}) 6... cxd5 7. Bf4 Nc6 8. e3 O-O 9. Ne5 Nxe5 10. Bxe5 {LiveBook: 6 Games} Ne4 11. Bxg7 Kxg7 $146 ({Predecessor:} 11... Nxc3 12. bxc3 Kxg7 {½-½ (27) Pert,N (2569)-Howell,D (2693) London 2015}) 12. Bd3 Nxc3 13. bxc3 h5 14. Qb3 b6 15. O-O Bg4 16. f3 Be6 17. Qb2 Rc8 18. Rac1 Rc7 19. e4 dxe4 20. fxe4 Bc4 21. Rcd1 {[#]} e5 $1 {[%mdl 512]} 22. Bxc4 (22. dxe5 Bxd3) 22... Rxc4 23. Qb5 Qc7 $36 {[%mdl 2048] Black has some pressure.} 24. Rd3 a6 (24... Rd8 $17 {[%cal Re5d4]} 25. Qb2 Rd7) 25. Qd5 $11 Re8 26. dxe5 $1 Re7 27. Qd6 $1 Rxe4 28. Qf6+ $1 Kh7 29. Rdf3 $2 (29. Rd5 $11 {and White is okay.}) 29... Qc5+ $19 ({Don't play} 29... Qxe5 30. Qxe5 R7xe5 31. Rxf7+ Kh6 32. R7f6 $15) ({Much less strong is} 29... R7xe5 30. Qxf7+ Qxf7 31. Rxf7+ Kh6 32. R1f6 $15) 30. Kh1 R4xe5 31. Rd1 Qc7 32. Rdf1 {[%cal Rf6f7] If only White now had time for Qxf7+!...} Re1 33. Qd4 (33. Rxe1 $142 Rxe1+ 34. Rf1 Rxf1+ 35. Qxf1) 33... Rxf1+ 34. Rxf1 {[%mdl 4096] Endgame KQR-KQR} Re6 35. Qf4 (35. Kg1 {keeps fighting.}) 35... Qxf4 36. Rxf4 {KR-KR} Kg7 37. Kh2 Rc6 38. c4 Kf8 39. Kg3 Ke7 40. Rd4 Rd6 41. Re4+ Re6 42. Rd4 Re3+ 43. Kf2 Ra3 44. Rd2 Rc3 45. Rb2 Rxc4 46. Rxb6 Rc2+ 47. Kf3 Rxa2 48. g3 Ra1 {Black is clearly winning.} 49. Kf2 (49. Kf4 $142 a5 50. Ra6) 49... a5 {[%cal Ba6a5,Ba5a4][%mdl 32]} 50. Ra6 a4 51. Ke3 a3 {[#] Strongly threatening ...a2.} 52. Kf2 (52. Kf4 $142) 52... Kd7 53. Kg2 Kc8 54. Ra7 Kb8 55. Ra4 Kb7 56. Rb4+ Kc6 57. Rb3 {Precision: White = 47%, Black = 87%.} 0-1

[Event "FIDE World Cup 2017"]
[Site "Tbilisi"]
[Date "2017.09.04"]
[Round "1.2"]
[White "Mollah Abdullah, Al Rakib"]
[Black "Nakamura, Hikaru"]
[Result "0-1"]
[WhiteElo "2454"]
[BlackElo "2781"]
[Annotator "TA"]
[PlyCount "54"]
[EventDate "2017.??.??"]
[EventType "k.o."]
[EventCountry "GEO"]
[SourceTitle "playchess.com"]
[Source "ChessBase"]
[SourceQuality "1"]

{[%evp 18,54,30,23,26,-39,30,-43,-50,-69,-83,-85,-84,-94,-92,-102,-96,-147,-121,-283,-275,-292,-282,-432,-445,-449,-439,-514,-553,-555,-552,-532,-329,-564,-546,-542,-496,-490,-481]} 1. d4 Nf6 2. c4 e6 3. Nf3 d5 4. Nc3 dxc4 5. Qa4+ c6 6. Qxc4 b5 7. Qd3 Nbd7 8. e4 b4 {D43: Semi-Slav: 5 Bg5 h6} 9. Na4 Bb7 10. Be3 {LiveBook: 7 Games} c5 $146 {White has an edge.} ({Predecessor:} 10... Qa5 11. b3 Be7 12. Nd2 O-O 13. f3 c5 14. Nxc5 Nxc5 15. dxc5 Bxc5 16. Nc4 {½-½ (38) Aronian,L (2724)-Gurevich,M (2652) Khanty-Mansiysk 2005}) 11. Nd2 ({Of course not} 11. dxc5 Bxe4 12. Qa6 Be7 $15) (11. Nxc5 $11 Bxc5 12. dxc5) 11... Ng4 (11... cxd4 $15 12. Bxd4 Be7) 12. Rc1 ({Much worse is} 12. dxc5 Bc6 $17) (12. Nxc5 $11 Bxc5 13. dxc5) 12... Rc8 $15 13. d5 exd5 14. exd5 {[#] aiming for Qe4+.} Be7 $1 15. d6 {Strongly threatening h3.} Bg5 16. Bxg5 Qxg5 17. Qe2+ {[#]} (17. h3 $142 Nge5 18. Qe3 Qxe3+ 19. fxe3) 17... Nge5 $1 $17 18. Rc4 $2 (18. Qe3 $17 Qxe3+ 19. fxe3) 18... O-O $19 ({Less strong is} 18... Bxg2 19. Rg1 $17) 19. f4 Qh4+ 20. g3 (20. Qf2 $142 Qxf2+ 21. Kxf2 Nxc4 22. Nxc4) 20... Qd8 (20... Nxc4 $2 21. gxh4 Rce8 22. Rg1 $19) 21. fxe5 Bxh1 22. Bh3 {[#]} Nxe5 $1 {[%mdl 512]} 23. Bxc8 {d7 is the strong threat.} (23. Qxe5 Re8) 23... Nxc4 24. Qxc4 {Threatens to win with d7.} Qe8+ 25. Kd1 $2 (25. Be6 Qxa4 26. d7) 25... Qxa4+ {Black is clearly winning.} 26. b3 Qc6 27. d7 Qd6 {Precision: White = 31%, Black = 80%.} 0-1

[Event "FIDE World Cup 2017"]
[Site "Tbilisi"]
[Date "2017.09.04"]
[Round "1.2"]
[White "Cawdery, Daniel"]
[Black "Aronian, Levon"]
[Result "0-1"]
[WhiteElo "2449"]
[BlackElo "2802"]
[Annotator "TA"]
[PlyCount "77"]
[EventDate "2017.??.??"]
[EventType "k.o."]
[EventCountry "GEO"]
[SourceTitle "playchess.com"]
[Source "ChessBase"]
[SourceQuality "1"]

{[%evp 20,77,21,31,38,34,39,39,37,41,47,-53,-50,-54,-55,-52,-48,-58,-46,-54,-31,-66,-78,-110,-66,-55,-56,-101,-105,-127,-104,-104,-87,-111,-37,-45,-43,-70,-56,-62,-68,-118,-113,-147,-146,-185,-185,-191,-201,-202,-183,-171,-179,-185,-170,-435,-421,-519,-514,-653]} 1. e4 e5 2. Nf3 Nc6 3. d4 exd4 4. Nxd4 Bb4+ 5. c3 Bc5 6. Be3 Bb6 {C45: Scotch Game} 7. Qg4 (7. Nf5 g6 8. Bxb6 axb6 9. Ne3 Nf6 10. f3 O-O 11. c4 Nh5 12. Qd2 f5 13. Nc3 f4 14. Ned5 Qh4+ 15. Qf2 {1-0 (30) Yu,Y (2729)-Bu,X (2705) Doha 2016}) 7... Nf6 8. Qxg7 Rg8 9. Qh6 d5 10. Bb5 Bd7 11. Bxc6 {LiveBook: 5 Games} bxc6 12. e5 Rg6 13. Qh4 $1 Ng4 14. Qxd8+ Rxd8 15. O-O $146 (15. Bf4 $1 $14) 15... Nxe5 16. Ne2 $1 Bxe3 17. fxe3 Nc4 18. Nf4 Rf6 $36 {[%mdl 2048] White is under pressure.} 19. Rf2 Nxe3 {And now ...Rxf4! would win.} 20. Re2 Rxf4 {[%csl Ge3][%cal Rf4f1]} 21. Rxe3+ Kf8 22. Nd2 c5 23. g3 Rf6 24. c4 dxc4 25. Nxc4 Be6 26. Rc1 h5 ({Better is} 26... Bxc4 $1 $17 27. Rxc4 Rd1+ 28. Kg2 Rd2+ 29. Kh3 Rxb2) 27. Re2 $15 Rd4 28. Ne5 c4 29. Rec2 h4 30. Rf1 Rh6 31. Nf3 Rg4 $1 32. Rg2 Bd5 33. Rd2 c6 $1 34. Ne5 {[#]} Rg7 $1 35. Re2 f6 {Threatens to win with ...Re7.} 36. Rf4 hxg3 37. h4 $2 (37. hxg3 {was forced.} Rxg3+ 38. Kf2 Rh2+ 39. Ke1 Rxe2+ 40. Kxe2) 37... Re7 $19 {...Ke8 is the strong threat.} 38. Re3 {[#]} Re6 $1 39. Nd7+ {Precision: White = 41%, Black = 86%.} 0-1

[Event "FIDE World Cup 2017"]
[Site "Tbilisi"]
[Date "2017.09.04"]
[Round "1.2"]
[White "Solomon, Kenny"]
[Black "Caruana, Fabiano"]
[Result "*"]
[WhiteElo "2398"]
[BlackElo "2799"]
[Annotator "TA"]
[PlyCount "102"]
[EventDate "2017.??.??"]
[EventType "k.o."]
[EventCountry "GEO"]
[SourceTitle "playchess.com"]
[Source "ChessBase"]
[SourceQuality "1"]

1. e4 {Program Activation Required} e5 2. Nf3 Nc6 3. Bb5 a6 4. Ba4 g6 5. O-O Bg7 6. c3 d6 7. d4 Bd7 8. Re1 Nf6 9. d5 {C79: Spanische Partie (Russische Variante)} (9. Bxc6 Bxc6 10. dxe5 Nxe4 11. exd6 O-O 12. dxc7 Qxc7 13. Be3 Rfe8 14. Nbd2 Nxd2 15. Nxd2 Rad8 16. Qc2 Qd7 {1-0 (38) Vachier Lagrave,M (2788)-Caruana,F (2795) chess.com INT 2016}) 9... Ne7 10. c4 h6 11. Nc3 O-O 12. Bc2 Nh7 13. b4 $146 ({Vorgänger:} 13. a4 f5 14. exf5 gxf5 15. Ra3 Ng6 16. Ne2 {1-0 (32) Gabrielian,A (2555)-Yandemirov,V (2378) Moscow 2014}) 13... f5 14. exf5 gxf5 15. Bb2 Ng6 16. Ne2 Ng5 17. Ng3 Nxf3+ 18. Qxf3 e4 19. Qb3 Bxb2 20. Qxb2 Qg5 21. Qc1 a5 22. b5 Ne5 23. Qxg5+ hxg5 24. Rac1 Kg7 25. Bb1 b6 26. Rc3 Rh8 27. h3 Rh4 28. Kf1 g4 29. hxg4 Rxg4 30. Bc2 Rh8 31. Bd1 Rg5 32. Kg1 Be8 33. Bc2 Bg6 34. Kf1 Rg4 35. Ke2 Rh2 36. Rg1 f4 37. Nxe4 f3+ 38. Ke3 fxg2 39. f3 Rh3 40. Nd2 Rh1 41. Kf2 Rxg1 42. Kxg1 Rd4 43. Nb3 Rxc4 44. Rxc4 Nxc4 45. Bxg6 Kxg6 46. Kxg2 Kf5 47. Kg3 Ke5 48. f4+ Kxd5 49. Kg4 Ke4 50. Kg5 a4 51. Nc1 d5 *

[Event "FIDE World Cup 2017"]
[Site "Tbilisi"]
[Date "2017.09.04"]
[Round "1.2"]
[White "Balogun, Oluwafemi"]
[Black "Carlsen, Magnus"]
[Result "0-1"]
[WhiteElo "2255"]
[BlackElo "2827"]
[Annotator "TA"]
[PlyCount "105"]
[EventDate "2017.??.??"]
[EventType "k.o."]
[EventCountry "GEO"]
[SourceTitle "playchess.com"]
[Source "ChessBase"]
[SourceQuality "1"]

{[%evp 12,105,0,0,0,0,16,-7,37,-23,11,0,10,0,12,10,35,6,24,0,18,-71,-28,-38,-32,-39,-45,-49,-43,-37,-34,-43,-16,-27,-10,-14,-14,-17,9,0,0,0,0,0,0,0,0,0,33,31,25,0,0,0,0,-14,0,0,0,0,4,0,22,0,9,0,0,0,10,0,0,0,0,-30,-30,-125,-116,-121,-121,-123,-126,-158,-158,-158,-158,-181,-175,-183,-165,-215,-215,-214,-194,-444,-466,-551]} 1. Nf3 c5 2. g3 g6 3. Bg2 Bg7 4. d3 Nc6 5. c3 e5 6. a3 Nge7 7. O-O {LiveBook: 54 Games} a6 {A04: Unusual lines after 1 Nf3 and King's Indian Attack} (7... O-O 8. b4 b6 9. Bb2 d5 10. bxc5 bxc5 11. Nbd2 Rb8 12. Rb1 h6 13. c4 Rxb2 14. Rxb2 e4 15. dxe4 dxe4 {0-1 (39) Banikas,H (2568)-Dominguez Perez,L (2739) Doha 2016}) 8. b4 d6 9. Nfd2 $146 ({Find the theoretical novelty and annotate with similar games:} 9. Nbd2 cxb4 10. axb4 b5 11. e4 a5 12. bxa5 Rxa5 13. Ba3 O-O 14. Nb3 Ra6 15. d4 exd4 16. Nfxd4 Nxd4 17. Nxd4 {1-0 (29) Vujadinovic,G (2360)-Mijailovic,Z (2330) Banja Vrucica 1991}) 9... O-O {The position is equal.} 10. Nb3 ({White should try} 10. bxc5 $14 dxc5 11. Bb2) 10... cxb4 11. axb4 Be6 12. e4 Qd7 13. N1d2 b5 14. Re1 Bh3 15. Bh1 Bg4 16. f3 (16. Bf3 $11 {remains equal.} f5 17. exf5 Bxf3 18. Qxf3) 16... Be6 17. Nf1 f5 {[%cal Bf7f5,Bf5f4][%mdl 32]} 18. Be3 f4 19. Bf2 g5 20. g4 Ng6 21. h3 Qf7 22. Nfd2 Bf6 23. Bg2 Rfc8 24. Qb1 Bd8 25. Rc1 Qb7 26. d4 exd4 27. Nxd4 Nxd4 28. cxd4 Rxc1+ 29. Qxc1 Bb6 30. Qb2 Rc8 31. Rc1 Rxc1+ 32. Qxc1 Qa7 33. Qc3 Kf7 34. Bf1 Ke7 {[%cal Bf7e7,Be7d7,Bd7c7][%mdl 32]} 35. Be2 {[%cal Bf1e2,Be2d1,Bd1b3][%mdl 32]} Kd7 36. Kf1 Ne5 37. Qa1 ({Much weaker is} 37. dxe5 Bxf2 38. exd6 Bg1 $15) 37... Ng6 38. Qc3 Bf7 39. Bd1 (39. Qd3 {is more complex.} Ke8 40. Bd1 Ne5 41. dxe5 Bxf2 42. Qxd6 Bg1 43. Qc6+) 39... Qc7 40. Qxc7+ (40. Qa3 {with more complications.} Qa7 41. Qd3 Qc7 42. Bb3 Kc8 43. Ke2) 40... Kxc7 41. Bb3 Be8 42. Bg8 h6 43. Nb3 (43. Bh7 $11) 43... Ne7 $17 44. Be6 Nc6 45. Be1 Bxd4 46. Bd5 {[#] aiming for Bxc6.} Bb2 47. Ke2 Ne5 48. Bd2 Bf7 49. Bxf7 Nxf7 50. Nc1 Nd8 51. Nd3 Bg7 52. e5 $2 {[#]} (52. h4 {might work better.}) 52... Bxe5 $19 53. Nxe5 {Precision: White = 33%, Black = 59%.} 0-1